Central Library OPAC University of Rajshahi

আধুনিক মনোবিজ্ঞান / (Record no. 38352)

MARC details
000 -LEADER
fixed length control field 00893nam a2200229 a 4500
001 - CONTROL NUMBER
control field 38352
003 - CONTROL NUMBER IDENTIFIER
rucl marc code BD-RjUL
005 - DATE AND TIME OF LATEST TRANSACTION
control field 20250519123908.0
008 - FIXED-LENGTH DATA ELEMENTS--GENERAL INFORMATION
fixed length control field 160501r19831979bg a|||| b||| 00| 0 ben d
035 ## - SYSTEM CONTROL NUMBER
System control number (BD-RjUL)38352
040 ## - CATALOGING SOURCE
Original cataloging agency BD-RjUL
Language of cataloging ben
Transcribing agency BD-RjUL
041 ## - LANGUAGE CODE
Language code of text/sound track or separate title ben
082 ## - DEWEY DECIMAL CLASSIFICATION NUMBER
Classification number 150
Author mark and year ALA 1983
Edition number 23
100 ## - MAIN ENTRY--PERSONAL NAME
Personal name আলী , মোহাম্মদ রওশন
9 (RLIN) 118526
245 10 - TITLE STATEMENT
Title আধুনিক মনোবিজ্ঞান /
Statement of responsibility, etc. মোহাম্মদ রওশন আলী
260 ## - PUBLICATION, DISTRIBUTION, ETC. (IMPRINT)
Place of publication, distribution, etc. ঢাকা :
Name of publisher, distributor, etc. মল্লিক ব্রাদার্স,
Date of publication, distribution, etc. ১৯৭৯,[র্মুদ্রণ ১৯৮৩]
300 ## - PHYSICAL DESCRIPTION
Pagination [vi], ৩৭৭ পৃ. :
Illustrations চিত্র;
Size ২১ সেমি.
504 ## - BIBLIOGRAPHY, ETC. NOTE
Bibliography, etc গ্রন্থপঞ্জি সংযুক্ত
650 ## - SUBJECT ADDED ENTRY--TOPICAL TERM
Topical term or geographic name as entry element মনোবিজ্ঞান
9 (RLIN) 118527
Topical term or geographic name as entry element Psychology
9 (RLIN) 118528
942 ## - ADDED ENTRY ELEMENTS (KOHA)
Source of classification or shelving scheme Dewey Decimal Classification
Koha item type Books
Holdings
Lost status Source of classification or shelving scheme Damaged status Not for loan Collection code Permanent Location Current Location Shelving location Date acquired Source of acquisition Cost, normal purchase price Total Checkouts Full call number Date last seen Copy number Koha item type Date checked out Total Renewals
  Dewey Decimal Classification   Not For Loan Non-fiction Central Library, University of Rajshahi Central Library, University of Rajshahi Reading Room 19/06/1982 আলীগড় লাইব্রেরী, রাজশাহী 25.00   B 150 ALA 1979 10/11/2015 C-1 Books    
  Dewey Decimal Classification     Non-fiction Central Library, University of Rajshahi Central Library, University of Rajshahi   19/06/1982 আলীগড় লাইব্রেরী, রাজশাহী 25.00 3 B 150 ALA 1979 17/12/2016 C-2 Books 29/11/2016  
  Dewey Decimal Classification     Non-fiction Central Library, University of Rajshahi Central Library, University of Rajshahi   19/06/1982 আলীগড় লাইব্রেরী, রাজশাহী 25.00   B 150 ALA 1979 10/11/2015 C-3 Books    
  Dewey Decimal Classification     Non-fiction Central Library, University of Rajshahi Central Library, University of Rajshahi   31/07/1983 আলীগড় লাইব্রেরী, রাজশাহী 25.00 1 B 150 ALA 1983 04/10/2016 C-4 Books 24/09/2016  
  Dewey Decimal Classification     Non-fiction Central Library, University of Rajshahi Central Library, University of Rajshahi   31/07/1983 আলীগড় লাইব্রেরী, রাজশাহী 25.00   B 150 ALA 1983 10/11/2015 C-5 Books    
  Dewey Decimal Classification     Non-fiction Central Library, University of Rajshahi Central Library, University of Rajshahi   31/07/1983 আলীগড় লাইব্রেরী, রাজশাহী 25.00   B 150 ALA 1983 10/11/2015 C-6 Books    
  Dewey Decimal Classification     Non-fiction Central Library, University of Rajshahi Central Library, University of Rajshahi   19/06/1982 Aligore Library, Rajshahi 25.00 3 B 150 ALA 1979 28/10/2019 C-7 Books 01/10/2019 1
  Dewey Decimal Classification     Non-fiction Central Library, University of Rajshahi Central Library, University of Rajshahi   19/06/1982 Aligore Library 25.00 1 B 150 ALA 1979 14/07/2019 C-8 Books 27/06/2019  
  Dewey Decimal Classification     Non-fiction Central Library, University of Rajshahi Central Library, University of Rajshahi   31/07/1983 Alighor library, Rajshahi 45.00 1 B 150 ALA 1983 18/05/2017 C-9 Books 03/05/2017  
  Dewey Decimal Classification     Non-fiction Central Library, University of Rajshahi Central Library, University of Rajshahi   31/07/1983 Aligor Library, Rajshahi 45.00 5 B 150 ALA 1983 18/09/2019 C-10 Books 09/09/2019  
  Dewey Decimal Classification       Central Library, University of Rajshahi Central Library, University of Rajshahi General Stacks 31/07/1983 Aligorh library, Rajshahi 25.00   B 150 ALA 1983 23/05/2023 C-11 Books    
  Dewey Decimal Classification     Non-fiction Central Library, University of Rajshahi Central Library, University of Rajshahi General Stacks 19/05/2025       B 150 ALA 1979 19/05/2025 C-12 Books